Národný plán regionálneho rozvoja SR

Chápanie Národného plánu rozvoja v krajinách EÚ. Základné časti Národného plánu regionálneho rozvoja SR. Globálne ciele.

Gespeichert in:
Bibliographische Detailangaben
Format: Buchkapitel
Sprache:Slowakisch
Schlagworte:
Tags: Tag hinzufügen
Keine Tags, Fügen Sie das erste Tag hinzu!

MARC

LEADER 00000naa a2200000 4500
001 r040608
005 20230925100809.6
041 0 |a slo 
044 |a SK 
245 1 0 |a Národný plán regionálneho rozvoja SR 
520 |a Chápanie Národného plánu rozvoja v krajinách EÚ. Základné časti Národného plánu regionálneho rozvoja SR. Globálne ciele. 
610 2 0 |a rozvoj regionálny 
610 2 0 |a vzťahy peňažné 
610 2 0 |a regióny 
610 2 0 |a spolupráca medzinárodná 
610 2 0 |a štát 
610 2 0 |a politika regionálna 
610 2 0 |a Slovensko 
610 2 0 |a Európska únia